Currencies Used In Multiple Countries - Sudden Death - Statistics

General Stats
  • This quiz has been taken 59 times
  • The average score is 7 of 15
Answers on the Grid
Answers color-coded by a green-red scale on the quiz's grid according to % correct below.
Dollar
Euro
Pound
Franc
Leu
Shilling
Krone
Dirham
Manat
Krona
Won
Som
Ruble
Riyal
Kwacha
Lek
Sol
Gold
Yen
Baht
Colón
Somoni
Ringgit
Birr
Dong
Vatu
Forint
Bolívar
Taka
Dram
 
Answer Stats
Answer % Correct
Euro
84%
Dollar
75%
Pound
68%
Franc
66%
Ruble
55%
Krone
52%
Shilling
52%
Krona
43%
Riyal
41%
Won
36%
Dirham
34%
Leu
16%
Manat
16%
Kwacha
9%
Som
9%
No matching quizzes found
Score Distribution
Percent of People with Each Score
Percentile by Number Answered
Your Score History
You have not taken this quiz